Die bedingungen der möglichkeit der Transzendental-philosophie
Uloženo v:
| Hlavní autor: | |
|---|---|
| Médium: | Kniha |
| Jazyk: | Undetermined |
| Vydáno: |
Bonn, Alemania
H. Bouvier
1962
|
| Témata: | |
| Tagy: |
Přidat tag
Žádné tagy, Buďte první, kdo vytvoří štítek k tomuto záznamu!
|
MARC
| LEADER | 00000nam a2200000Ia 4500 | ||
|---|---|---|---|
| 008 | 170316s9999 xx 000 0 und d | ||
| 040 | |a cru BVZT | ||
| 090 | |a 830 S-3.1d | ||
| 100 | |a Seebohm, Thomas | ||
| 245 | |a Die bedingungen der möglichkeit der Transzendental-philosophie | ||
| 260 | |a Bonn, Alemania |b H. Bouvier |c 1962 | ||
| 300 | |a 200 páginas | ||
| 650 | |a LITERATURA ALEMANA | ||
| 999 | |c 7428 |d 7428 | ||
| 942 | |c 15 D |h 830 S-3.1d |2 z | ||
